000 00594nam a22002172 4500
001 0000001638
005 20151217151823.0
008 070320s xx 000 0 eng d
020 _a1861523998 :
_cKES 6,198
040 _aKABU
_cKABU
050 0 _aHD30.22
_b.M67 2002
100 1 _aMoschandreas, Maria.
_@0000150551
245 1 0 _aBusiness economics.
250 _a2nd ed.
260 _aLondon :
_bThomson,
_c2000.
300 _axv, 402 p.
650 0 _aManagerial economics.
_@0000150546
908 _a070320
950 _@1
999 _c5353
_d5353